| LEADER | 00930nam a2200229 4500 | ||
|---|---|---|---|
| 082 | |a 895.922132009 |b NG527D | ||
| 100 | |a Nguyễn Du | ||
| 245 | |a Nguyễn Du về tác gia và tác phẩm |c Trịnh Bá Đình tuyển chọn và giới thiệu | ||
| 250 | |a Tái bản lần thứ 2 | ||
| 260 | |a H. |b Giáo dục |c 2001 | ||
| 300 | |a 1035tr. |c 24 cm | ||
| 520 | |a v.v... | ||
| 653 | |a Văn học | ||
| 653 | |a Việt Nam | ||
| 653 | |a Thơ | ||
| 653 | |a Nghiên cứu văn học | ||
| 653 | |a Tác giả | ||
| 653 | |a Tác phẩm | ||
| 942 | |2 ddc |c STK0 | ||
| 999 | |c 3222 |d 3222 | ||
| 952 | |0 0 |1 0 |2 ddc |4 0 |6 895_922132009000000_NG527D |7 1 |8 800 |9 35572 |a qbu |b qbu |c D5 |d 2014-12-16 |g 78000 |l 3 |m 1 |o 895.922132009 NG527D |p 3429.c1 |r 2016-12-12 |s 2016-12-02 |w 2014-12-16 |y STK0 | ||
| 952 | |0 0 |1 0 |2 ddc |4 0 |6 895_922132009000000_NG527D |7 0 |8 800 |9 35573 |a qbu |b qbu |c D5 |d 2014-12-16 |g 78000 |l 10 |m 2 |o 895.922132009 NG527D |p 3429.c2 |r 2018-05-08 |s 2018-04-17 |w 2014-12-16 |y STK0 | ||